[Event "FIDE World Rapid 2013"]
[Site "Khanty-Mansiysk RUS"]
[Date "2013.06.08"]
[Round "13.28"]
[White "Bezgodov, Alexei"]
[Black "Akbaev, Kazbek"]
[Result "1-0"]
[WhiteTitle "GM"]
[BlackTitle "IM"]
[WhiteElo "2482"]
[BlackElo "2475"]
[WhiteFideId "4105257"]
[BlackFideId "4131045"]
[EventDate "2013.06.06"]

1. e4 e6 2. d4 d5 3. Nd2 f5 4. exf5 exf5 5. Bd3 Nf6 6. Ndf3 Bd6 7. Ne2 O-O 8.
O-O c6 9. Bf4 b5 10. c3 Qc7 11. Bxd6 Qxd6 12. a4 bxa4 13. Qxa4 Nbd7 14. Qa3 Qe6
15. Nf4 Qe8 16. Qd6 Nb6 17. Ne5 g5 18. Ne2 Bd7 19. Ng3 Nc8 20. Qc7 f4 21. Nf5
Bxf5 22. Bxf5 Ne7 23. Be6+ Kg7 24. Rxa7 Rxa7 25. Qxa7 Kh6 26. Re1 Ng6 27. Nf7+
Kh5 28. Bg4+ Nxg4 29. Rxe8 Rxe8 30. Ne5 Re7 31. Qc5 N4xe5 32. dxe5 Rxe5 33. Kf1
Re6 34. Qa7 Kh6 35. Qd7 Rf6 36. f3 Nf8 37. Qe8 Kg7 38. Qe7+ Kg6 39. b4 h5 40.
Qe8+ Kh6 41. b5 cxb5 42. Qxb5 Ng6 43. Qxd5 Ne7 44. Qe5 Rf7 45. c4 Nf5 46. c5
Ne3+ 47. Ke2 Nf5 48. Kd3 Kg6 49. Qe6+ Rf6 50. Qe8+ Kg7 51. c6 Rd6+ 52. Ke4 Rf6
53. Ke5 Nd6 54. Qd7+ Nf7+ 55. Kd5 g4 56. c7 gxf3 57. gxf3 Rg6 58. c8=Q Rg5+ 59.
Ke4 1-0

[Event "FIDE World Rapid 2013"]
[Site "Khanty-Mansiysk RUS"]
[Date "2013.06.08"]
[Round "13.29"]
[White "Skatchkov, Pavel"]
[Black "Popov, Ivan RUS"]
[Result "0-1"]
[WhiteTitle "GM"]
[BlackTitle "GM"]
[WhiteElo "2486"]
[BlackElo "2632"]
[WhiteFideId "4121848"]
[BlackFideId "4170350"]
[EventDate "2013.06.06"]

1. d4 Nf6 2. Nf3 g6 3. Nc3 Bg7 4. e4 d6 5. Be3 O-O 6. Qd2 c6 7. O-O-O b5 8. Bd3
Bg4 9. Bh6 b4 10. Ne2 Qa5 11. Kb1 Nbd7 12. Bxg7 Kxg7 13. h3 Bxf3 14. gxf3 c5 15.
h4 h5 16. Rhg1 e5 17. dxe5 Nxe5 18. f4 Nf3 19. Qe3 Nxg1 20. Rxg1 Ng4 21. Qg3 c4
22. Bxc4 Qc5 23. Bb3 Qxf2 24. Qxf2 Nxf2 25. e5 dxe5 26. fxe5 Rae8 27. e6 fxe6
28. Nd4 Rf6 29. Nc6 Ne4 30. Nxb4 Nd2+ 31. Kc1 Nxb3+ 32. axb3 e5 33. Nd5 Rf3 34.
b4 Rh3 35. c4 Rxh4 36. b3 Rg4 37. Rf1 h4 38. c5 h3 39. Nf6 Rf8 40. c6 Rxf6 41.
Rxf6 Kxf6 42. c7 h2 0-1

[Event "FIDE World Rapid 2013"]
[Site "Khanty-Mansiysk RUS"]
[Date "2013.06.08"]
[Round "14.1"]
[White "Inarkiev, Ernesto"]
[Black "Nepomniachtchi, Ian"]
[Result "1/2-1/2"]
[WhiteTitle "GM"]
[BlackTitle "GM"]
[WhiteElo "2680"]
[BlackElo "2717"]
[WhiteFideId "4162722"]
[BlackFideId "4168119"]
[EventDate "2013.06.06"]

1. e4 e6 2. d4 d5 3. Nc3 Bb4 4. e5 c5 5. a3 Bxc3+ 6. bxc3 Ne7 7. Nf3 Bd7 8. h4
Ba4 9. h5 h6 10. Rb1 Qc7 11. Bd3 c4 12. Be2 Nd7 13. Bf4 O-O-O 14. Qd2 Qa5 15.
Rh3 Nb6 16. Nh2 Bd7 17. Ra1 Na4 18. Bg4 Qb6 19. Qc1 Nc6 20. Rb1 Qa5 21. Qd2 Nb6
22. Ra1 Na4 23. Rb1 Nb6 24. Ra1 Na4 25. Kf1 Qb6 26. Qc1 Qb2 27. Qxb2 Nxb2 28.
Rg3 Na4 29. Bh3 Rh7 30. Ng4 Ne7 31. Bd2 Rf8 32. Ke2 Be8 33. Rh1 Bd7 34. Rf3 Kd8
35. Ne3 Rhh8 36. Rg3 Rfg8 37. f4 Nf5 38. Bxf5 exf5 39. Nxd5 Be6 40. Ne3 Nb6 41.
Rb1 Nd5 42. Rxb7 Nxf4+ 43. Kf3 g5 44. hxg6 Nxg6 45. Rxa7 Nh4+ 46. Kf4 Ng6+ 47.
Kf3 Nh4+ 48. Kf4 Ng6+ 1/2-1/2

[Event "FIDE World Rapid 2013"]
[Site "Khanty-Mansiysk RUS"]
[Date "2013.06.08"]
[Round "14.3"]
[White "Grischuk, Alexander"]
[Black "Vallejo Pons, Francisco"]
[Result "1-0"]
[WhiteTitle "GM"]
[BlackTitle "GM"]
[WhiteElo "2779"]
[BlackElo "2706"]
[WhiteFideId "4126025"]
[BlackFideId "2205530"]
[EventDate "2013.06.06"]

1. Nf3 d5 2. d4 Nf6 3. g3 c5 4. Bg2 cxd4 5. O-O h6 6. Bf4 g5 7. Bxb8 Rxb8 8.
Qxd4 b6 9. c4 Bg7 10. cxd5 O-O 11. e4 Nxd5 12. Qxd5 Qxd5 13. exd5 Bxb2 14. Nbd2
Bxa1 15. Rxa1 Bb7 16. Nd4 Rfd8 17. Nf5 e6 18. Nxh6+ Kg7 19. Ng4 Bxd5 20. Nf3
Bxf3 21. Bxf3 Rbc8 22. a4 Rc5 23. Ne3 Rd4 24. Be2 f5 25. Bb5 Kf6 26. h3 Rd2 27.
Kg2 Rd4 28. Ra2 Kf7 29. Nf1 Rcd5 30. Nh2 Kf6 31. Nf3 Rd1 32. g4 Rc5 33. Re2 Rd8
34. h4 gxh4 35. g5+ Ke7 36. Nxh4 Rd4 37. Ng6+ Kd6 38. f4 a6 39. Bxa6 Rxa4 40.
Bb7 b5 41. Rd2+ Kc7 42. Bf3 b4 43. Nf8 Kb6 44. Nd7+ Kb5 45. Be2+ Kc6 46. Bf3+
Kb5 47. Nxc5 Kxc5 48. Kg3 b3 49. Rb2 Kc4 50. Rxb3 1-0

[Event "FIDE World Rapid 2013"]
[Site "Khanty-Mansiysk RUS"]
[Date "2013.06.08"]
[Round "14.4"]
[White "Cheparinov, Ivan"]
[Black "Le, Quang Liem"]
[Result "0-1"]
[WhiteTitle "GM"]
[BlackTitle "GM"]
[WhiteElo "2678"]
[BlackElo "2712"]
[WhiteFideId "2905540"]
[BlackFideId "12401137"]
[EventDate "2013.06.06"]

1. d4 d5 2. c4 c6 3. Nf3 Nf6 4. e3 Bf5 5. Nc3 e6 6. Nh4 Be4 7. f3 Bg6 8. Qb3 Qc7
9. g3 Be7 10. Be2 a6 11. a4 Nbd7 12. O-O O-O 13. Nxg6 hxg6 14. cxd5 cxd5 15. a5
Nb8 16. Na4 Nc6 17. Nb6 Rad8 18. Bd2 e5 19. dxe5 Qxe5 20. Rac1 Rfe8 21. Bxa6
Nxa5 22. Bxa5 bxa6 23. Rfe1 Rb8 24. Qd3 Bd8 25. Rc6 Re6 26. Rec1 Bxb6 0-1

[Event "FIDE World Rapid 2013"]
[Site "Khanty-Mansiysk RUS"]
[Date "2013.06.08"]
[Round "14.5"]
[White "Khairullin, Ildar"]
[Black "Nguyen, Ngoc Truong Son"]
[Result "1/2-1/2"]
[WhiteTitle "GM"]
[BlackTitle "GM"]
[WhiteElo "2658"]
[BlackElo "2625"]
[WhiteFideId "4151348"]
[BlackFideId "12401110"]
[EventDate "2013.06.06"]

1. d4 d5 2. c4 c6 3. Nc3 dxc4 4. e3 b5 5. a4 b4 6. Ne4 Qd5 7. Ng3 Nf6 8. Be2 Ba6
9. e4 Qa5 10. Nf3 e6 11. Ne5 c3 12. bxc3 bxc3 13. O-O Be7 14. Bxa6 Qxa6 15. Qb3
O-O 16. Qxc3 Rc8 17. Bg5 c5 18. d5 exd5 19. exd5 Bf8 20. Rfd1 Nbd7 21. Nxd7 Nxd7
22. Nf5 1/2-1/2

[Event "FIDE World Rapid 2013"]
[Site "Khanty-Mansiysk RUS"]
[Date "2013.06.08"]
[Round "14.6"]
[White "Riazantsev, Alexander"]
[Black "Movsesian, Sergei"]
[Result "1/2-1/2"]
[WhiteTitle "GM"]
[BlackTitle "GM"]
[WhiteElo "2708"]
[BlackElo "2699"]
[WhiteFideId "4125029"]
[BlackFideId "310204"]
[EventDate "2013.06.06"]

1. d4 d5 2. c4 c6 3. Nc3 Nf6 4. e3 a6 5. Nf3 b5 6. b3 Bg4 7. Be2 Nbd7 8. O-O e6
9. h3 Bh5 10. Bb2 Bd6 11. Ne5 Bxe2 12. Nxe2 bxc4 13. bxc4 O-O 14. Nxd7 Nxd7 15.
Qc2 Qc7 16. Rab1 Rab8 17. Ba1 Rxb1 18. Rxb1 Rb8 19. cxd5 cxd5 20. Rxb8+ 1/2-1/2

[Event "FIDE World Rapid 2013"]
[Site "Khanty-Mansiysk RUS"]
[Date "2013.06.08"]
[Round "14.7"]
[White "Potkin, Vladimir"]
[Black "Vitiugov, Nikita"]
[Result "0-1"]
[WhiteTitle "GM"]
[BlackTitle "GM"]
[WhiteElo "2647"]
[BlackElo "2734"]
[WhiteFideId "4131061"]
[BlackFideId "4152956"]
[EventDate "2013.06.06"]

1. e4 e6 2. d4 d5 3. Nc3 Bb4 4. e5 c5 5. a3 Bxc3+ 6. bxc3 Ne7 7. Qg4 cxd4 8.
Qxg7 Rg8 9. Qxh7 Qc7 10. Ne2 Nbc6 11. f4 dxc3 12. h4 b6 13. Nxc3 Nd4 14. Bb2 Bd7
15. O-O-O Ndf5 16. Nb5 Bxb5 17. Bxb5+ Kf8 18. Bd3 Qc5 19. Kb1 Rc8 20. h5 Ne3 21.
g4 Nxd1 22. Rxd1 Rxg4 23. Qh6+ Ke8 24. Qf6 Ng8 25. Qh8 Qf8 26. Bb5+ Ke7 27. c4
Qh6 28. Qxh6 Nxh6 29. cxd5 exd5 30. Bd3 Rh4 31. f5 Rxh5 32. Rf1 Rh3 33. Ba6 Rc5
34. a4 Ng4 35. Rf4 Ne3 36. Ba3 f6 37. e6 Kd6 38. Bd3 Ng2 39. Rd4 Ne1 40. Bxc5+
bxc5 41. e7 Kxe7 42. Bf1 Rf3 43. Rd2 0-1

[Event "FIDE World Rapid 2013"]
[Site "Khanty-Mansiysk RUS"]
[Date "2013.06.08"]
[Round "14.8"]
[White "Akopian, Vladimir"]
[Black "Mamedov, Rauf"]
[Result "0-1"]
[WhiteTitle "GM"]
[BlackTitle "GM"]
[WhiteElo "2691"]
[BlackElo "2637"]
[WhiteFideId "13300032"]
[BlackFideId "13401653"]
[EventDate "2013.06.06"]

1. e4 c5 2. Nf3 d6 3. d4 Nf6 4. Nc3 cxd4 5. Nxd4 g6 6. Be3 Bg7 7. f3 Nc6 8. Qd2
O-O 9. O-O-O d5 10. exd5 Nxd5 11. Nxc6 bxc6 12. Bd4 Bxd4 13. Qxd4 Qc7 14. Na4
Rb8 15. a3 Rd8 16. c4 Bf5 17. cxd5 cxd5+ 18. Kd2 Qa5+ 19. Ke2 e5 20. Qh4 d4 21.
b3 Rxb3 22. Kf2 Rc8 23. Qe7 Qxa4 24. Kg3 Re8 0-1

[Event "FIDE World Rapid 2013"]
[Site "Khanty-Mansiysk RUS"]
[Date "2013.06.08"]
[Round "14.9"]
[White "Andreikin, Dmitry"]
[Black "Bologan, Viktor"]
[Result "1-0"]
[WhiteTitle "GM"]
[BlackTitle "GM"]
[WhiteElo "2713"]
[BlackElo "2672"]
[WhiteFideId "4158814"]
[BlackFideId "13900048"]
[EventDate "2013.06.06"]

1. e4 c5 2. Nf3 e6 3. g3 d5 4. exd5 exd5 5. d4 Nc6 6. Bg2 Bg4 7. O-O cxd4 8. h3
Bh5 9. g4 Bg6 10. Nxd4 Nf6 11. c4 Be7 12. g5 Ne4 13. cxd5 Nxd4 14. Qxd4 Qb6 15.
Qa4+ 1-0

[Event "FIDE World Rapid 2013"]
[Site "Khanty-Mansiysk RUS"]
[Date "2013.06.08"]
[Round "14.11"]
[White "Jakovenko, Dmitry"]
[Black "Khismatullin, Denis"]
[Result "0-1"]
[WhiteTitle "GM"]
[BlackTitle "GM"]
[WhiteElo "2713"]
[BlackElo "2658"]
[WhiteFideId "4122356"]
[BlackFideId "4142578"]
[EventDate "2013.06.06"]

1. d4 Nf6 2. c4 e6 3. Nf3 b6 4. g3 Bb7 5. Bg2 Be7 6. O-O O-O 7. Re1 a5 8. Bg5 h6
9. Bxf6 Bxf6 10. Nc3 d6 11. Qc2 g6 12. Rad1 Nd7 13. h4 h5 14. e4 Bg7 15. Nb5 Rc8
16. b3 Qe7 17. d5 e5 18. Bh3 Bh6 19. Kg2 Qd8 20. a3 Ra8 21. b4 Nf6 22. c5 Ba6
23. cxd6 Bxb5 24. dxc7 Qd6 25. c8=Q Rfxc8 26. Bxc8 axb4 27. axb4 Ba4 28. Qa2 Qb8
29. Ra1 Qxc8 30. Nxe5 Bg7 31. Qc4 Qe8 32. Nc6 Nd7 33. Rac1 Ne5 34. Nxe5 Bxe5 35.
f4 Bb2 36. Rc2 b5 37. Qd3 Bxc2 38. Qxc2 Ba3 39. Rb1 Rc8 40. Qd3 Rc4 41. e5 Bxb4
42. Rb2 Qc8 43. Re2 Rc3 44. Qe4 Qg4 45. Re3 Rc4 46. Qd3 Rxf4 47. e6 Rd4 48. Qc2
Rc4 49. Qf2 Rc7 50. Rf3 Qe4 0-1

[Event "FIDE World Rapid 2013"]
[Site "Khanty-Mansiysk RUS"]
[Date "2013.06.08"]
[Round "14.14"]
[White "Moiseenko, Alexander"]
[Black "Ponkratov, Pavel"]
[Result "1-0"]
[WhiteTitle "GM"]
[BlackTitle "GM"]
[WhiteElo "2711"]
[BlackElo "2605"]
[WhiteFideId "14102560"]
[BlackFideId "4157800"]
[EventDate "2013.06.06"]

1. d4 d5 2. c4 c6 3. Nf3 Nf6 4. Nc3 dxc4 5. a4 Bg4 6. Ne5 Bh5 7. f3 e6 8. g4 Bg6
9. h4 c5 10. h5 Bd3 11. exd3 cxd4 12. Ne4 Nxe4 13. dxe4 Qa5+ 14. Kf2 Qxe5 15.
Bxc4 Nc6 16. f4 Qc7 17. Bd3 Bb4 18. e5 O-O-O 19. Qf3 g5 20. Kg2 Kb8 21. fxg5
Nxe5 22. Bf4 Bd6 23. Bxe5 Bxe5 24. a5 Rhg8 25. Rhc1 Qe7 26. a6 Rxg5 27. axb7
Rdg8 28. Rc8+ Rxc8 29. bxc8=Q+ Kxc8 30. Qa8+ Bb8 31. Ba6+ Kc7 32. Rc1+ Kd6 33.
Qxb8+ Kd5 34. Bb7+ 1-0

[Event "FIDE World Rapid 2013"]
[Site "Khanty-Mansiysk RUS"]
[Date "2013.06.08"]
[Round "14.15"]
[White "Grachev, Boris"]
[Black "Kabanov, Nikolai"]
[Result "1-0"]
[WhiteTitle "GM"]
[BlackTitle "GM"]
[WhiteElo "2683"]
[BlackElo "2472"]
[WhiteFideId "4129199"]
[BlackFideId "4127820"]
[EventDate "2013.06.06"]

1. Nf3 Nf6 2. c4 d6 3. g3 e5 4. Bg2 Be7 5. Nc3 O-O 6. d4 Nbd7 7. O-O c6 8. Qc2
Re8 9. h3 Bf8 10. e4 a5 11. Be3 exd4 12. Nxd4 Nc5 13. Nb3 Nxb3 14. axb3 Nd7 15.
Rfd1 Qc7 16. Na4 Ra6 17. Rd2 Qb8 18. Nc3 Ne5 19. f4 Nd7 20. Rad1 Nf6 21. Bd4 Nd7
22. Kh2 Be7 23. Bf2 Nf6 24. Bf3 Qc7 25. Kg2 h5 26. Bd4 g6 27. e5 Bf5 28. Qc1
dxe5 29. fxe5 Nd7 30. g4 hxg4 31. hxg4 Be6 32. Re2 Bf8 33. Ne4 Raa8 34. Qg5 Qd8
35. Nf6+ Nxf6 36. exf6 c5 37. Qh4 Bd5 38. cxd5 Rxe2+ 39. Bxe2 cxd4 40. Rh1 1-0

[Event "FIDE World Rapid 2013"]
[Site "Khanty-Mansiysk RUS"]
[Date "2013.06.08"]
[Round "14.18"]
[White "Georgiev, Kiril"]
[Black "Salem, A.R. Saleh"]
[Result "1-0"]
[WhiteTitle "GM"]
[BlackTitle "GM"]
[WhiteElo "2636"]
[BlackElo "2531"]
[WhiteFideId "2900017"]
[BlackFideId "9301348"]
[EventDate "2013.06.06"]

1. d4 Nf6 2. c4 g6 3. Nf3 Bg7 4. g3 d5 5. Bg2 dxc4 6. Na3 c3 7. bxc3 O-O 8. O-O
c5 9. Qb3 Nc6 10. Rd1 Na5 11. Qb2 Bf5 12. Ne5 Nd7 13. Nec4 cxd4 14. cxd4 Rc8 15.
Ne3 Be6 16. Bd2 Nc6 17. Bc3 Nb6 18. d5 Bxc3 19. Qxc3 Nb8 20. Qa5 Bd7 21. Qxa7
Na6 22. d6 Bc6 23. Bxc6 Rxc6 24. Qxb7 Qc8 25. Qxc8 Rcxc8 26. dxe7 Rfe8 27. Rd6
Rb8 28. Rb1 1-0

[Event "FIDE World Rapid 2013"]
[Site "Khanty-Mansiysk RUS"]
[Date "2013.06.08"]
[Round "14.19"]
[White "Gundavaa, Bayarsaikhan"]
[Black "Frolyanov, Dmitry"]
[Result "1/2-1/2"]
[WhiteTitle "GM"]
[BlackTitle "GM"]
[WhiteElo "2516"]
[BlackElo "2570"]
[WhiteFideId "4901045"]
[BlackFideId "4151976"]
[EventDate "2013.06.06"]

1. d4 d5 2. c4 e6 3. Nc3 c6 4. e4 dxe4 5. Nxe4 Bb4+ 6. Bd2 Qxd4 7. Bxb4 Qxe4+ 8.
Ne2 Na6 9. Bf8 Ne7 10. Bxg7 Nb4 11. Qd6 Nd3+ 12. Kd2 Nf5 13. Qxd3 Qxd3+ 14. Kxd3
Nxg7 15. Kc3 b6 16. g3 Bb7 17. Bg2 O-O-O 18. Rhd1 c5 19. Bxb7+ Kxb7 20. Ng1 Nf5
21. Nf3 f6 22. Rd2 e5 23. Re1 Nd4 24. Nxd4 Rxd4 25. Rxd4 cxd4+ 26. Kd3 Kc6 27.
f4 Kd6 28. fxe5+ fxe5 29. Rf1 Ke6 30. h3 Rg8 31. Rf3 b5 32. Ke4 bxc4 33. Rf5 Rd8
34. Rxe5+ Kf6 35. Rf5+ Kg6 36. Rf1 d3 37. Ke3 d2 38. Rd1 Rd3+ 39. Ke4 Rxg3 40.
Rxd2 Rxh3 41. Rd6+ Kg5 42. Ra6 1/2-1/2

[Event "FIDE World Rapid 2013"]
[Site "Khanty-Mansiysk RUS"]
[Date "2013.06.08"]
[Round "14.20"]
[White "Artemiev, Vladislav"]
[Black "Gordievsky, Dmitry"]
[Result "1-0"]
[WhiteTitle "IM"]
[BlackTitle "FM"]
[WhiteElo "2524"]
[BlackElo "2474"]
[WhiteFideId "24101605"]
[BlackFideId "24112798"]
[EventDate "2013.06.06"]

1. Nf3 e6 2. g3 b6 3. Bg2 Bb7 4. O-O Nf6 5. c4 c5 6. Nc3 Be7 7. Re1 Ne4 8. Qc2
Nxc3 9. dxc3 d6 10. Bf4 Qc7 11. Rad1 Nd7 12. e4 Ne5 13. Nd2 O-O 14. h3 Rad8 15.
Be3 Nd7 16. f4 Rfe8 17. Bf2 Bf8 18. g4 g6 19. Nf1 Qb8 20. Bh4 Rc8 21. e5 Bxg2
22. Qxg2 Qc7 23. exd6 Bxd6 24. Qd2 Be7 25. Bxe7 Rxe7 26. Ng3 Nf6 27. Qd6 Rd7 28.
Qe5 Qd8 29. Rxd7 Nxd7 30. Qe2 Qc7 31. Qd2 Nf6 32. Rd1 h6 33. Kf2 Kg7 34. Qd6
Qxd6 35. Rxd6 Kf8 36. Rd1 Ke7 37. Ke3 Rd8 38. Ra1 h5 39. g5 Ne8 40. Ne4 Ng7 41.
a4 Nf5+ 42. Ke2 a5 43. Ra3 Kd7 44. Nd2 Nh4 45. Ne4 Kc7 46. Ra1 e5 47. fxe5 Re8
48. Rf1 Nf5 49. Nf6 Rxe5+ 50. Kd2 Nd6 51. Nd5+ Kc6 52. Rf6 Rxg5 53. Nxb6 Rf5 54.
Nd5 Rxf6 55. Nxf6 Nxc4+ 56. Kc2 Ne3+ 57. Kd2 Nd5 58. Ne4 Nb6 59. b3 Kd5 60. Kd3
f5 61. c4+ Kc6 62. Ng5 Nd7 63. Nf7 Kc7 64. Ke3 Nf6 65. Kf4 Ne4 66. Ne5 Kd6 67.
Nxg6 Ke6 68. Nf8+ Kf6 69. h4 Ke7 70. Ng6+ Kf6 71. Ne5 Ke6 72. Nc6 Nf2 73. Nxa5
Nd3+ 74. Ke3 Nc1 75. Kd2 Na2 76. Nb7 Ke5 77. Nxc5 Kf4 78. a5 Nb4 79. Nd3+ 1-0

[Event "FIDE World Rapid 2013"]
[Site "Khanty-Mansiysk RUS"]
[Date "2013.06.08"]
[Round "14.21"]
[White "Potapov, Pavel"]
[Black "Rakhmanov, Aleksandr"]
[Result "1/2-1/2"]
[WhiteTitle "IM"]
[BlackTitle "GM"]
[WhiteElo "2460"]
[BlackElo "2602"]
[WhiteFideId "4169786"]
[BlackFideId "4173708"]
[EventDate "2013.06.06"]

1. e4 e6 2. d4 d5 3. e5 c5 4. c3 Nc6 5. Nf3 Qb6 6. a3 c4 7. g3 f6 8. exf6 Nxf6
9. Bg2 Bd6 10. O-O O-O 11. Re1 Bd7 12. Nbd2 Rae8 13. Qc2 Qc7 14. Nf1 b5 15. Be3
a5 16. Re2 b4 17. axb4 axb4 18. Rae1 b3 19. Qc1 Re7 20. Bg5 h6 21. Bxf6 Rxf6 22.
Ne3 Ref7 23. Ne5 Bxe5 24. dxe5 Rf5 25. Nxf5 Rxf5 26. f4 Rf8 27. Qe3 Ra8 28. f5
Qa7 29. Qxa7 Rxa7 30. Rd2 Ne7 31. g4 Ra5 32. Red1 Kf7 33. Rf1 Nc6 34. Rfd1 Ne7
35. h3 Ra2 36. Rf1 Ra5 37. Rfd1 Ra2 38. Rf1 Ke8 39. Rdf2 Nc6 40. f6 gxf6 41.
exf6 Kf7 42. Re1 Ra5 43. h4 Ra8 44. Kh2 Rg8 45. Kg3 Rg6 46. Bh3 e5 47. Rd2 d4
48. cxd4 exd4 49. Rc1 Be6 50. g5 hxg5 51. Bxe6+ Kxe6 52. Rxc4 gxh4+ 53. Kxh4 Ne5
54. Rcxd4 Nf3+ 55. Kh3 Ng1+ 56. Kh2 Nf3+ 57. Kh3 Ke5 1/2-1/2

[Event "FIDE World Rapid 2013"]
[Site "Khanty-Mansiysk RUS"]
[Date "2013.06.08"]
[Round "14.22"]
[White "Rublevsky, Sergei"]
[Black "Al-Sayed, Mohammed"]
[Result "1-0"]
[WhiteTitle "GM"]
[BlackTitle "GM"]
[WhiteElo "2695"]
[BlackElo "2498"]
[WhiteFideId "4115309"]
[BlackFideId "12100196"]
[EventDate "2013.06.06"]

1. e4 c5 2. Nf3 d6 3. d4 cxd4 4. Nxd4 Nf6 5. Nc3 a6 6. Bc4 e6 7. Bb3 Nbd7 8. Bg5
Nc5 9. O-O Be7 10. Re1 O-O 11. f4 h6 12. Bh4 d5 13. e5 Nfe4 14. Bxe7 Qxe7 15.
Nxe4 Nxe4 16. c3 b5 17. a3 Bb7 18. Qg4 Kh8 19. Re3 Rae8 20. Rf1 f6 21. Bc2 f5
22. Qg6 Qf7 23. Qxf7 Rxf7 24. a4 Nd2 25. Ra1 Nc4 26. Re2 Nxb2 27. axb5 axb5 28.
Bxf5 Nc4 29. Bg6 1-0

[Event "FIDE World Rapid 2013"]
[Site "Khanty-Mansiysk RUS"]
[Date "2013.06.08"]
[Round "14.24"]
[White "Nadanian, Ashot"]
[Black "Kobalia, Mikhail"]
[Result "0-1"]
[WhiteTitle "IM"]
[BlackTitle "GM"]
[WhiteElo "2428"]
[BlackElo "2651"]
[WhiteFideId "13300393"]
[BlackFideId "4119150"]
[EventDate "2013.06.06"]

1. e4 c5 2. d3 Nc6 3. g3 g6 4. Bg2 Bg7 5. f4 d6 6. Nf3 Nf6 7. O-O O-O 8. c3 Rb8
9. a4 a6 10. Qe2 b5 11. axb5 axb5 12. e5 Nd5 13. Qf2 b4 14. Ng5 e6 15. Nd2 bxc3
16. bxc3 dxe5 17. Qxc5 exf4 18. Qxc6 Qxg5 19. Ne4 Qd8 20. Ba3 Bb7 21. Qa4 Nxc3
22. Nxc3 Bxc3 23. Bxf8 Qd4+ 24. Qxd4 Bxd4+ 25. Kh1 Bxg2+ 26. Kxg2 Bxa1 27. Bd6
Ra8 28. Bxf4 Bd4 29. g4 Ra3 30. Kf3 e5 31. Ke4 f5+ 32. gxf5 gxf5+ 33. Kxf5 exf4
34. Rxf4 Rxd3 35. Ke4 Rd2 36. h3 Bg7 37. Kf5 Rd5+ 38. Kg4 h6 39. Rf5 Rd6 40. Kh5
Kh7 41. Rb5 Re6 42. h4 Bf6 43. Rb7+ Be7 44. Rb5 Re4 45. Rb4 Re5+ 0-1

[Event "FIDE World Rapid 2013"]
[Site "Khanty-Mansiysk RUS"]
[Date "2013.06.08"]
[Round "14.25"]
[White "Bezgodov, Alexei"]
[Black "Cherniaev, Alexander"]
[Result "1-0"]
[WhiteTitle "GM"]
[BlackTitle "GM"]
[WhiteElo "2482"]
[BlackElo "2447"]
[WhiteFideId "4105257"]
[BlackFideId "4117301"]
[EventDate "2013.06.06"]

1. e4 c5 2. a3 g6 3. Bc4 Bg7 4. Qf3 e6 5. Nc3 a6 6. Nge2 Nc6 7. d3 Nge7 8. h4 h6
9. Ba2 b5 10. Qg3 d5 11. h5 g5 12. f4 Bxc3+ 13. Nxc3 Nd4 14. Qf2 g4 15. Be3 g3
16. Qd2 Bb7 17. O-O-O f5 18. Bxd4 cxd4 19. Ne2 Qb6 20. Qb4 dxe4 21. dxe4 Bxe4
22. Qxd4 Qxd4 23. Nxd4 Bxg2 24. Rhg1 Bd5 25. Bxd5 exd5 26. Rxg3 Kf7 27. Re3 Rhe8
28. Re5 Ng8 29. Rxd5 Nf6 30. Rxf5 Rad8 31. c3 Re4 32. Rg1 Rd5 33. Rg6 Rxf5 34.
Nxf5 Rxf4 35. Nxh6+ Kf8 36. Rg5 Rh4 37. Kc2 Rxh5 38. Rxh5 Nxh5 39. Kb3 Nf4 40.
a4 Ke8 41. axb5 axb5 42. Nf5 Kd7 43. Nd4 b4 44. Kxb4 Nd3+ 45. Kb3 Kc7 46. c4
Nc5+ 47. Kb4 Kb6 48. b3 Ne4 49. Nb5 Kc6 50. Nc3 Nc5 51. Ka3 Ne6 52. b4 Nd4 53.
Kb2 Nf3 54. Na4 Ne5 55. b5+ Kd6 56. Kc3 Nf3 57. Kb4 Ne5 58. c5+ Kc7 59. Nc3 Kb7
60. Nd5 Nd3+ 61. Kc4 Ne5+ 62. Kc3 Nc4 1-0

[Event "FIDE World Rapid 2013"]
[Site "Khanty-Mansiysk RUS"]
[Date "2013.06.08"]
[Round "14.26"]
[White "Ghaem Maghami, Ehsan"]
[Black "Skatchkov, Pavel"]
[Result "1-0"]
[WhiteTitle "GM"]
[BlackTitle "GM"]
[WhiteElo "2554"]
[BlackElo "2486"]
[WhiteFideId "12500739"]
[BlackFideId "4121848"]
[EventDate "2013.06.06"]

1. e4 e5 2. Nf3 d5 3. exd5 e4 4. Qe2 Nf6 5. Nc3 Be7 6. Nxe4 Nxd5 7. Nc3 Nb4 8.
Qd1 O-O 9. Be2 N8c6 10. O-O Bf5 11. d3 Re8 12. Be3 Bf6 13. Qd2 h6 14. Rad1 Ne7
15. Rfe1 Nbd5 16. Bd4 Nxc3 17. Qxc3 Nd5 18. Qd2 Bg4 19. c3 Bxf3 20. Bxf6 Qxf6
21. Bxf3 Nf4 22. g3 Nh3+ 23. Kg2 c6 24. Bg4 Ng5 25. Rxe8+ Rxe8 26. Re1 Rxe1 27.
Qxe1 g6 28. f4 Nh7 29. Qe8+ Nf8 30. d4 h5 31. Bf3 Qf5 32. Qe4 Qb5 33. Qe2 Qa5
34. a3 h4 35. gxh4 Ne6 36. Kg3 Ng7 37. Bg4 Nf5+ 38. Bxf5 Qxf5 39. c4 Qb1 40. d5
cxd5 41. cxd5 Qf5 42. Qd2 Kf8 43. d6 Qc5 44. d7 Qg1+ 45. Kf3 Qf1+ 46. Ke3 Qg1+
47. Kd3 Qf1+ 48. Ke4 1-0

[Event "FIDE World Rapid 2013"]
[Site "Khanty-Mansiysk RUS"]
[Date "2013.06.08"]
[Round "14.27"]
[White "Byambaa, Zulzaga"]
[Black "Popov, Ivan RUS"]
[Result "0-1"]
[WhiteTitle "FM"]
[BlackTitle "GM"]
[WhiteElo "2285"]
[BlackElo "2632"]
[WhiteFideId "4900642"]
[BlackFideId "4170350"]
[EventDate "2013.06.06"]

1. e4 c5 2. Nf3 d6 3. c3 Nf6 4. Bd3 Nc6 5. h3 e6 6. O-O Be7 7. Bc2 O-O 8. Re1 d5
9. e5 Nd7 10. d4 Re8 11. a3 Qb6 12. b3 a5 13. Be3 Qc7 14. Nbd2 b5 15. Nf1 Ba6
16. Ng3 b4 17. axb4 cxd4 18. cxd4 Nxb4 19. Bb1 Rec8 20. Bg5 Bf8 21. Qd2 Qc3 22.
Qxc3 Rxc3 23. Bd2 Rxb3 24. Rxa5 Nb6 25. Ba2 Rb2 26. Ra1 Bb7 27. Rxa8 Bxa8 28.
Bxb4 Bxb4 29. Rb1 Na4 30. Rxb2 Nxb2 31. Ne2 Bc6 32. Nc1 Bb5 33. Bb3 Kf8 34. g4
Nd3 35. Na2 Ba5 36. Kg2 Nf4+ 37. Kg3 Ne2+ 38. Kg2 Bd3 39. Bd1 Bc4 40. Bxe2 Bxe2
41. Kg3 Bc4 42. Nc1 Bc3 43. Kf4 0-1